| 000 | 00589nam a22001817a 4500 | ||
|---|---|---|---|
| 005 | 20160614123409.0 | ||
| 010 | _aENG-114406 | ||
| 020 |
_a9789351436140 _c450.00 |
||
| 035 | _aEN-97938 | ||
| 037 | _bDBAD/PUB | ||
| 082 | _a500 | ||
| 245 | _aJigeesha's general science for Civil Services (preliminary) examination | ||
| 260 |
_aGurgaon _bLexisNexis _c(201?) |
||
| 270 |
_a14th Floor, Building No.10, Tower-B, DLF Cyber City, Phase-II _bGurgaon _e122002 |
||
| 300 |
_avarious pagings _c25cm(pbk) |
||
| 490 | _aCATAPULT test prep series | ||
| 942 |
_2ddc _cEN _mJIG _h500 |
||
| 999 |
_c97957 _d97957 |
||